Το σχέδιο βήμα-βήμα

Saved in:
Bibliographic Details
Main Author: Morscheck, Karl-Heinz
Format: Book
Language:Greek
German
Published: Θεσσαλονίκη : Μαλλιάρης Παιδεία, c2004
Subjects:
Tags: Add Tag
No Tags, Be the first to tag this record!

MARC

LEADER 00000cam a2200000 i 4500
001 1/12527
008 110321s2004 gre d
020 |a 960-239-768-3 
035 |l 10109821 
040 |a GR-MY-UA  |b gre  |e aacr 
041 1 |a gre  |h ger 
082 0 |a 741.2  |2 (22) 
100 1 |a Morscheck, Karl-Heinz. 
245 1 3 |a Το σχέδιο βήμα-βήμα /  |c Karl-Heinz Morscheck ; μετάφραση: Κώστας Ιωαννίδης 
260 |a Θεσσαλονίκη :   |b Μαλλιάρης Παιδεία,   |c c2004 
300 |a 64 σ.;  |b εικ.;  |c 28 εκ. 
500 |a Τίτλος πρωτοτύπου: Schritt fur Schritt zum Zeichnen 
650 0 0 |a Drawing  |x Technique. 
650 0 0 |a Drawing  |x Study and teaching. 
852 |a INST  |b SYROS  |e 20110321  |h 741.2 MOR  |p 005500009270  |q 005500009270  |t BK  |y 0 
852 |a INST  |b SYROS  |e 20110321  |h 741.2 MOR  |p 005500009271  |q 005500009271  |t BK  |y 0 
901 |a BIBL5-2011-1 
909 |a Ε  |b 165469 
909 |a Ε  |b 165470 
970 |a ΚΟΝΤΟΥ  |b ΠΑΡΑΣΚΕΥΗ  |z 2011/03/21